000 00735cam a2200253 4500
001 J3870
008 090401t1996 xxu||||| |||| 00| 0 eng d
035 _a(Sirsi) u57194
041 _aeng
050 _a692.8
110 _aNational Joint Consultative Committee for Building
_9994
245 _aBeneficial use of installed systems before practical completion.
260 _aLondon
_bNJCC
_c1996
300 _a4p. ; 30cm.
350 _a5
490 _aNJCC Guidance Note
_v10
650 _aBENEFICIAL USE
650 _aBUILT ENVIRONMENT-BUILDING CONTRACT FORMS
650 _aINSTALLED SYSTEMS
650 _aPRACTICAL COMPLETION
690 _aBUILT ENVIRONMENT-BUILDING CONTRACT FORMS
942 _n0
948 _c04/03/1997
999 _c93910
_d93910